| 000 | 00624cab a2200181 4500 | ||
|---|---|---|---|
| 001 | L130903 | ||
| 008 | 050915n2005 000 0 eng u | ||
| 035 | _a(Sirsi) u130903 | ||
| 041 | 0 | _aeng | |
| 100 | 1 | _aThompson, Max | |
| 245 | 0 | 0 | _aBuild now, pay later? |
| 260 | _c2005 | ||
| 490 | 0 |
_aQS Week _v(20) 7 September 2005, 12-13(2) |
|
| 520 | _aThe National Specialist Contractors' Council (NSCC) believe that quantity surveyors are to blame for up to £3bn being held in retentions. Discusses whether quantity surveyors are really to blame. | ||
| 590 | _aIKA270905 | ||
| 690 |
_aQuantity surveying _96263 |
||
| 942 | _n0 | ||
| 999 |
_c75869 _d75869 |
||